00573nam a2200169Ia 450000500170000000800410001702000150005808200170007310000160009024500630010626000400016930000120020950000620022194200060028395200990028999900150038820250526024354.0240331s9999 xx 000 0 und d a9552008395 a302.232bMAH aMahendra, S 0aW.A. Silvageaprakata keti nirmana saha sannivedana satahan aColombobS. Godake & Brothersc1992 a96 p ., aRare short creations and communication nots of W.A. silva cL 001040708LaWERCLbWERCLcSSCd2024-03-31l0o 302.232 MAHp3049r2024-03-31w2024-03-31yL c1278d1278